II wojna światowa łatwe - Statystyki

Ogólne statystyki
  • Ten quiz został rozwiązany 83 razy
  • Średni wynik to 4 z 7
Statystyki odpowiedzi
Zagadnienie Odpowiedź % Poprawnych
W którym roku wybuchła II wojna światowa? 01.09.1939
100%
Kim był Winston Churchill? Premierem Wielkiej Brytanii
82%
Jaki kryptonim nosił plan ataku na ZSRR? Barbarossa
78%
Kiedy nastąpiło ładowanie w Normandii? 06.06.1944
66%
Czym jest wilczy szaniec? Kwatera główna Hitlera
53%
Gdzie rozegrała się bitwa w północnej Afryce w której swoją pierwszą porażkę odniósł Lis pustyni? El Alamein
48%
Jaką nazwę nosił pancerny pociąg Adolfa Hitlera? America
19%
Nie znaleziono quizów pasujących do podanych kryteriów
Rozkład punktacji
Procent ludzi z każdym wynikiem
Percentyl według liczby udzielonych odpowiedzi
Twoja historia wyników
Nie rozwiązałeś tego quizu